Introduction to management (Record no. 5103)

MARC details
000 -CABECERA
campo de control de longitud fija 00532nam a22001817a 4500
008 - DATOS DE LONGITUD FIJA--INFORMACIÓN GENERAL
campo de control de longitud fija 251024b |||||||| |||| 00| 0 eng d
020 ## - NÚMERO INTERNACIONAL ESTÁNDAR DEL LIBRO
Número Internacional Estándar del Libro 9780064671279
040 ## - FUENTE DE LA CATALOGACIÓN
Centro/agencia transcriptor tbs
041 ## - CÓDIGO DE LENGUA
Código de lengua del texto/banda sonora o título independiente eng
050 ## - SIGNATURA TOPOGRÁFICA DE LA BIBLIOTECA DEL CONGRESO
Número de clasificación HD31
Número de documento/Ítem .R38 1992
100 ## - ENTRADA PRINCIPAL--NOMBRE DE PERSONA
Nombre de persona Rawlins, Claudia
9 (RLIN) 26319
Término indicativo de función/relación author
245 ## - MENCIÓN DE TÍTULO
Título Introduction to management
Mención de responsabilidad, etc. / Claudia Rawlins Daumer.
260 ## - PUBLICACIÓN, DISTRIBUCIÓN, ETC.
Lugar de publicación, distribución, etc. New York, NY :
Nombre del editor, distribuidor, etc. HarperCollins Publishers,
Fecha de publicación, distribución, etc. 1992.
300 ## - DESCRIPCIÓN FÍSICA
Extensión viii, 215 pages ;
Dimensiones 24 cm.
490 ## - MENCIÓN DE SERIE
Mención de serie HarperCollins college outline
650 #0 - PUNTO DE ACCESO ADICIONAL DE MATERIA--TÉRMINO DE MATERIA
Término de materia o nombre geográfico como elemento de entrada Management
9 (RLIN) 319
942 ## - ELEMENTOS DE ENTRADA AGREGADA (KOHA)
Fuente del sistema de clasificación o colocación Clasificación de Library of Congress
Holdings
Estado de retiro Estado de pérdida Fuente del sistema de clasificación o colocación Estado dañado No para préstamo Biblioteca de origen Biblioteca actual Fecha de adquisición Total de préstamos Signatura topográfica completa Código de barras Fecha visto por última vez Número de copia Precio válido a partir de Tipo de ítem Koha
    Clasificación de Library of Congress     TBS Barcelona TBS Barcelona 24/10/2025   HD31 RAW B05693 24/10/2025 1 24/10/2025 Book

Powered by Koha